Developing people and organisations (Record no. 387599)

000 -LEADER
fixed length control field 00478cam a22001577a 4500
008 - FIXED-LENGTH DATA ELEMENTS--GENERAL INFORMATION
fixed length control field 180718b1998 xxu||||| |||| 00| 0 eng d
020 ## - INTERNATIONAL STANDARD BOOK NUMBER
International Standard Book Number 0749426802
082 ## - DEWEY DECIMAL CLASSIFICATION NUMBER
Classification number I513 Sm54
100 ## - MAIN ENTRY--PERSONAL NAME
Personal name Smith, David
245 ## - TITLE STATEMENT
Title Developing people and organisations
Statement of responsibility, etc. by David Smith
260 ## - PUBLICATION, DISTRIBUTION, ETC.
Place of publication, distribution, etc. London
Name of publisher, distributor, etc. Chartered Insittute of Management Accountants
Date of publication, distribution, etc. 1998
300 ## - PHYSICAL DESCRIPTION
Extent 129p.
440 ## - SERIES STATEMENT/ADDED ENTRY--TITLE
Title Business skill series
650 ## - SUBJECT ADDED ENTRY--TOPICAL TERM
Topical term or geographic name entry element Organizational effectiveness
650 ## - SUBJECT ADDED ENTRY--TOPICAL TERM
Topical term or geographic name entry element organizational change
Holdings
Withdrawn status Lost status Damaged status Not for loan Permanent Location Current Location Date acquired Full call number Barcode Date last seen Price effective from Koha item type
        Indian Institute of Public Administration Indian Institute of Public Administration 1998-09-01 I513 Sm54 73590 2018-07-21 2018-07-21 Book

Powered by Koha